20 titres les plus écoutés de Three Days Grace - Statistiques

Statistiques générales
  • Ce quiz a été pris 3 fois
  • Le résultat moyen est 14 sur 20
Statistiques - réponses
Nb. d'écoutes Album % Correct
+ 1 050 000 000 One-X Animal I Have Become
100%
+ 99 000 000 Transit Of Venus Chalk Outline
100%
+ 1 244 000 000 Three Days Grace I Hate Everything About You
100%
+ 215 808 000 Three Days Grace Just Like You
100%
+ 475 000 000 One-X Never Too Late
100%
+ 329 000 000 One-X Pain
100%
+ 456 000 000 One-X Riot
100%
+ 219 000 000 Life Starts Now Break
67%
+ 96 216 000 One-X Get Out Alive
67%
+ 122 310 000 One-X Gone Forever
67%
+ 262 000 000 Human I Am Machine
67%
+ 276 000 000 Human Painkiller
67%
+ 102 000 000 EXPLOSIONS So Called Life
67%
+ 122 029 000 Life Starts Now The Good Life
67%
+ 108 000 000 Outsider The Mountain
67%
+ 333 000 000 One-X Time of Dying
67%
+ 96 561 000 Life Starts Now World so Cold
67%
+ 133 000 000 Human Fallen Angel
33%
+ 103 000 000 Three Days Grace Home
33%
+ 215 808 000 XXX:
State of the Union
(Music from the Motion Picture)
Just Like Wylin' (Bone Crusher & Three Days Grace)
0%
Aucun quiz correspondant
Distribution des résultats
% des personnes avec chaque résultat
Percentile par nombre de réponses
Votre historique - résultats
Vous n’avez pas pris ce quiz